Sociologia de la industrialització : de la seda al cotó a la Catalunya central (segles XVIII-XIX) / Llorenç Ferrer i Alòs de la seda al cotó a la Catalunya central (segles XVIII-XIX) / Llorenç Ferrer i Alòs
ISBN:
978-84-9975-137-5
Descripción Física:
675 p. : taules ; 24 cm
Colección:
Estudis ; 58
Otros Autores:
Fundació Noguera
MARC
| LEADER | 00000nam a2200000Ia 4500 | ||
|---|---|---|---|
| 001 | 23249 | ||
| 008 | 160829s2011 xx 000 0 cat d | ||
| 020 | |a 978-84-9975-137-5 | ||
| 080 | |a H-3-134 | ||
| 100 | |a Ferrer i Alòs, Llorenç |9 46498 | ||
| 245 | |a Sociologia de la industrialització : |b de la seda al cotó a la Catalunya central (segles XVIII-XIX) / Llorenç Ferrer i Alòs | ||
| 260 | |a Barcelona : |b Fundació Noguera ; Lleida : |b Pagès, |c 2011 | ||
| 300 | |a 675 p. : |b taules ; |c 24 cm | ||
| 490 | |a Estudis ; 58 | ||
| 590 | |a Bibliografia | ||
| 650 | |a Industrialització |x Catalunya |x Història |x S. XVIII-XIX |9 46499 | ||
| 700 | |a Fundació Noguera |9 70407 | ||
| 901 | |a Arxiu | ||
| 942 | |n 1 | ||
| 952 | |0 0 |1 0 |4 0 |6 H3134 |7 1 |9 53250 |a Arxiu |b Arxiu |d 2011-09-09 |l 0 |o H-3-134 |p 23249 |r 2016-12-01 00:00:00 |w 2016-12-01 |y ARXIU | ||
| 999 | |c 57114 |d 57114 | ||